EU jako aktér: analýza „rámování“ jako součásti aktérství Evropské unie

Charakteristika "rámovania" t.j. schopnosti aktéra špecifickým spôsobom ovplyvniť správanie ďaľších aktérov, t.j. schopnosť EÚ ovplyvniť vonkajšiu politiku svojích členských štátov. Príklady "rámovania" v Európskej únii

Gespeichert in:
Bibliographische Detailangaben
1. Verfasser: Kratochvil, Petr
Weitere Verfasser: Novák, Ondřej, Pojerová, Petra
Format: Buchkapitel
Sprache:Tschechisch
Schlagworte:
Tags: Tag hinzufügen
Keine Tags, Fügen Sie das erste Tag hinzu!

MARC

LEADER 00000naa a2200000 4500
001 0143628
005 20231204125229.9
041 0 |a cze 
044 |a CZ 
245 1 0 |a EU jako aktér: analýza „rámování“ jako součásti aktérství Evropské unie  |c Petr Kratochvil, Ondřej Novák, Petra Pojerová 
520 |a Charakteristika "rámovania" t.j. schopnosti aktéra špecifickým spôsobom ovplyvniť správanie ďaľších aktérov, t.j. schopnosť EÚ ovplyvniť vonkajšiu politiku svojích členských štátov. Príklady "rámovania" v Európskej únii 
610 2 0 |a Európska únia 
610 2 0 |a politika hospodárska medzinárodná 
610 2 0 |a integrácia ekonomická medzinárodná 
610 2 0 |a vzťahy hospodárske vonkajšie 
100 1 |a Kratochvil, Petr 
700 1 |a Novák, Ondřej 
700 1 |a Pojerová, Petra